Score 0/23 Timer 04:00
1 Play Today
Hint Answer % Correct
3-Letter Ladder**LEG**
96.5%
3-Letter Ladder**ARM**
94.1%
4-Letter Ladder**SWIM**
93.8%
3-Letter LadderLID
93.4%
3-Letter LadderAID
92.5%
4-Letter Ladder CELL
92.4%
4-Letter Ladder FAIL
92.1%
3-Letter LadderLED
91.4%
4-Letter Ladder SELL
89.6%
3-Letter LadderAIM
89.4%
4-Letter Ladder FALL
88.2%
4-Letter Ladder **TAIL**
88%
Hint Answer % Correct
4-Letter LadderSLIM
87.9%
4-Letter Ladder CALL
87.2%
4-Letter Ladder SEAL
86.7%
4-Letter Ladder **HEAD**
86.3%
4-Letter Ladder HEAT
85.5%
4-Letter Ladder SEAT
83.8%
4-Letter Ladder**SINK**
82.4%
4-Letter LadderSANK
78.9%
4-Letter LadderSLID
78.7%
4-Letter LadderSAND
77.3%
4-Letter LadderSAID
75.1%

Today's Daily Dose

Remove Ads.
Support Sporcle.
Get the best of Sporcle when you Go Orange. This ad-free experience offers more features, more stats, and more fun while also helping to support Sporcle. Thank you for becoming a member.

You're not logged in!

Compare scores with friends on all Sporcle quizzes.
OR
Log In

Show Comments

Extras

Top Quizzes Today


Score Distribution

Your Account Isn't Verified!

In order to create a playlist on Sporcle, you need to verify the email address you used during registration. Go to your Sporcle Settings to finish the process.

Report this User

Report this user for behavior that violates our Community Guidelines.

Details: